000 01250nab a22002897a 4500
999 _c5939
_d5939
003 OSt
005 20260114012628.0
008 190605e xxu||||| |||| 00| 0 spa d
040 _cPJ
100 _96789
_aAlmejún, Fernando
245 1 0 _aMedida cautelar que ordena reincorporar a un dirigente sindical /
_cFernando Almejún, Verónica Quinteros.
260 _aCiudad Autónoma de Buenos Aires :
_bThomson Reuters La Ley,
_c2024.
300 _ap. 112-115
500 _aCita: TR LALEY AR/DOC/264/2024.
505 _aSumario: I. Hechos.— II. Comentarios al fallo.
505 _aFallo comentado: SC Buenos Aires ~ 07/09/2023 ~ Seillant Idelmar Raul c. IOMA s/ amparo sindical recurso de queja.
505 _t¿Te interesa el texto completo? Solicitalo al correo: koha@justierradelfuego.gov.ar
650 0 _91316
_aDERECHO LABORAL
650 0 _91367
_aASOCIACIONES SINDICALES
650 0 _95906
_aREINCORPORACIÓN
650 0 _91533
_aDESPIDO
650 0 _91223
_aACCION DE AMPARO
650 0 _91051
_aMEDIDAS CAUTELARES
700 _96790
_aQuinteros, Verónica
773 0 _02711
_93168
_dCiudad Autónoma de Buenos Aires : Thomson Reuters La Ley, 1999-2002.
_tRevista de derecho del trabajo. Nº 2 - Marzo 2024
942 _2udc
_cANA